| 000 | 01604nam a2200493 a 4500 | ||
|---|---|---|---|
| 005 | 20150703091816.0 | ||
| 008 | 111115s2010 ck a gr 00010 spa d | ||
| 015 | _ack-2010-xxxx | ||
| 020 | _a9789588067278 | ||
| 040 |
_aCO-BoBLA _cCO-BoBLA |
||
| 041 | 0 | _aspa | |
| 090 |
_aEA _b00176 |
||
| 110 | 2 |
_aLogo Sapiens. _929357 |
|
| 245 | 1 | 3 |
_aEl viaje de Paula : _bEl papel de los niños frente al cambio climático _cTextos: Logo Sapiens, Mario Germán González Guarín, Carmen Briceida Rodríguez Medina. |
| 260 |
_aBogotá D.C : _bInstituto de Hidrología y Metereología y Estudios Ambientales-IDEAM, _bPNUD, _bMinisterio de Ambiente, Vivienda y Desarrollo Territorial, _c2010. |
||
| 300 |
_a30 pag _bil. _c28 cm. _e1 CD-Rom. |
||
| 500 | _aLectura para niñas y niños y juegos electrónicos sobre educación ambiental. | ||
| 650 |
_aCambios climáticos _x Literatura infantil. _935149 |
||
| 650 |
_aProtección del medio ambiente _x Literatura infantil. _935150 |
||
| 650 |
_aCambios climáticos _xEnseñanza _935151 |
||
| 700 | 1 |
_aGonzález-Guarín, Mario Germán. _929361 |
|
| 700 | 1 |
_aRodríguez-Medina, Carmen Briceida. _929362 |
|
| 942 |
_2z _cLIBRO |
||
| 949 | _a | ||
| 999 |
_c8850 _d8850 |
||